000
00298nam a22001337a 4500
003
SGT
082
_a
618.92
_b
N16M
100
_a
MARCDANTE, K.J.
245
_a
NELSON ESSENTIALS OF PEDIATRICS
260
_a
INDIA
_b
ELSEVIER PUB
_c
2016
300
_a
784
650
_a
PEDIATRICS
942
_2
ddc
_c
BK
999
_c
14788
_d
14788